| 000 | 00387nam a2200169Ia 4500 | ||
|---|---|---|---|
| 008 | 230524s9999 xx 000 0 und d | ||
| 020 | _a817319615X | ||
| 082 |
_a5.133 _bPAL |
||
| 100 | _aN.Palaniappan | ||
| 245 | 0 | _aFuzzy Topology | |
| 250 | _a2ND | ||
| 260 |
_aNEW DELHI _bNarosa _c2005 |
||
| 300 | _aXVII;193 | ||
| 500 | _aQuantity Number: 2 | ||
| 650 | _aComp-Sc | ||
| 942 | _cBK | ||
| 999 |
_c14001 _d14001 |
||